| 000 | 00549nam a2200193Ia 4500 | ||
|---|---|---|---|
| 003 | OSt | ||
| 005 | 20250828093715.0 | ||
| 008 | 210210b1985 xxu||||| |||| 00| 0 eng d | ||
| 040 | _cAL | ||
| 041 | _aKannada | ||
| 082 | _aK894.3 SIDT | ||
| 100 |
_aSIDDHAYYA PURANIKA _dಸಿದ್ಧಯ್ಯ ಪುರಾಣಿಕ _9212396 |
||
| 245 |
_aTribhuvanamalla _b ತ್ರಿಭುವನಮಲ್ಲ |
||
| 260 |
_aMaisuru. _bGurukumara Prakashana., _c1985 |
||
| 300 | _a144 | ||
| 690 |
_aKannada Fiction _9212397 |
||
| 906 | _a038294 | ||
| 942 |
_2ddc _cBK |
||
| 999 |
_c88184 _d88184 |
||